00603nam a22001937a 450000500170000001000130001702000230003003500130005303700090006608200110007510000220008624500300010826000300013830000270016849000290019594200250022499900170024995201430026620111007150537.0 aG-001722 a8176554804c150.00 aG-001722 bgift a150.00 aRau, Aysha935334 aMarine lifecby Aysha Rau aGurgaonbScholastic India a108pbillc20 cm (Pbk) aEnvironment watch935335 2ddccCHh574.92mRAU c57418d57418 001040708NFICaJPbJPd2011-10-07egiftg150.00l3m1o574.92 RAUpG-001722r2019-05-21 00:00:00s2019-05-04t1v150.00w2011-10-07yCH